000 00520nam a2200181 a 4500
005 20210223120810.0
008 991125s1962 mx 000 0 spa u
035 _aUPN01000007377
049 _aCG
050 4 _aF1233.11
_aB3.3
100 1 _aBasurto Pérez, Miguel
245 1 0 _aCentenario de la batalla del 5 de mayo /
_cMiguel Basurto Pérez.
260 _a[México :
_bs.n.],
_c1962.
300 _a23 p.
500 _aDisponible en la Colección Medina
650 4 _aPUEBLA, BATALLA DE, 1862
_94549
905 _aLibro
999 _c7377
_d7377